Whose wealth is it anyway?: Mozambique's outstanding economic growth with worsening rural poverty /
में बचाया:
| मुख्य लेखक: | |
|---|---|
| अन्य लेखक: | |
| स्वरूप: | मूलपाठ |
| टैग: |
टैग जोड़ें
कोई टैग नहीं, इस रिकॉर्ड को टैग करने वाले पहले व्यक्ति बनें!
|
MARC
| LEADER | 00000 a a2200000 04500 | ||
|---|---|---|---|
| 001 | 44810 | ||
| 003 | |||
| 040 | |||
| 100 | |a Cunguara, Benedito | ||
| 245 | |a Whose wealth is it anyway?: |b Mozambique's outstanding economic growth with worsening rural poverty / |c Benedito Cunguara, Joseph Hanlon | ||
| 500 | |a j.hanlon@open.ac.uk | ||
| 590 | |a DISEMINAR042013 | ||
| 700 | |a Hanlon, Joseph | ||
| 773 | |g volumen43, número3 ( , 2012), Páginas 623-647 : tablas, gráficos | ||
| 999 | |c 29763 |d 29763 | ||
